Beriga (Record no. 12161)

MARC details
000 -LEADER
fixed length control field 00708nam a2200229 i 4500
001 - CONTROL NUMBER
control field C2-0076915
003 - CONTROL NUMBER IDENTIFIER
control field PPAK
005 - DATE AND TIME OF LATEST TRANSACTION
control field 20180727082357.0
008 - FIXED-LENGTH DATA ELEMENTS--GENERAL INFORMATION
fixed length control field 970429s19 bx a|||| ||||| | may d
040 ## - CATALOGING SOURCE
Original cataloging agency PPAK
Language of cataloging eng
Transcribing agency PPAK
Description conventions rda
082 04 - DEWEY DECIMAL CLASSIFICATION NUMBER
Classification number 301.05
Edition number 23
090 00 - LOCALLY ASSIGNED LC-TYPE CALL NUMBER (OCLC); LOCAL CALL NUMBER (RLIN)
Classification number (OCLC) (R) ; Classification number, CALL (RLIN) (NR) 301.05
Feature heading BER
Feature heading KIH
245 00 - TITLE STATEMENT
Title Beriga
264 #1 - PRODUCTION, PUBLICATION, DISTRIBUTION, MANUFACTURE, AND COPYRIGHT NOTICE
Place of production, publication, distribution, manufacture Brunei Darussalam :
Name of producer, publisher, distributor, manufacturer Dewan Bahasa dan Pustaka ,
Date of production, publication, distribution, manufacture, or copyright notice [19?]
300 ## - PHYSICAL DESCRIPTION
Other physical details illustrations ;
Dimensions 25 cm
336 ## - CONTENT TYPE
Source rdacontent
Content type term text
337 ## - MEDIA TYPE
Source rdamedia
Media type term unmediated
338 ## - CARRIER TYPE
Source rdacarrier
Carrier type term volume
500 ## - GENERAL NOTE
General note Jil. ; Tribulanan ; Huraian berdasarkan : Bil. 6, Jan-Mac 1985 ; Simpanan perpustakaan : 1963-1984, 1967, 1968, 1969, 1983, 1985
650 10 - SUBJECT ADDED ENTRY--TOPICAL TERM
Topical term or geographic name entry element Sociology
942 ## - ADDED ENTRY ELEMENTS (KOHA)
-- dc
Koha item type Book
Holdings
Withdrawn Not for loan Current library Shelving location Date acquired Full call number Barcode Date last seen Koha item type
  Not For Loan Perpustakaan Alor Setar Koleksi Ismail Hussein 30/12/1998 KIH 301.05 BER A00178974 08/05/2018 Book